| 000 | 00528nam a2200193Ia 4500 | ||
|---|---|---|---|
| 003 | OSt | ||
| 005 | 20250915161251.0 | ||
| 008 | 210210b1984 xxu||||| |||| 00| 0 eng d | ||
| 040 | _cAL | ||
| 041 | _aKannada | ||
| 082 | _aK894.3 SHRK | ||
| 100 |
_aSHRIDEVI (K) _dಶ್ರೀದೇವಿ (ಕೆ ) _9238677 |
||
| 245 |
_aKadadida prema _bಕದಡಿದ ಪ್ರೇಮ |
||
| 260 |
_aMaisuru _bShri Prashanta Prakashana _c1984 |
||
| 300 | _a152 | ||
| 690 |
_aKannada Fiction _9238678 |
||
| 906 | _aSG02057 | ||
| 942 |
_2ddc _cSG |
||
| 999 |
_c113257 _d113257 |
||